000 00558nam a22001817a 4500
999 _c164939
_d164939
005 20190530143801.0
010 _aENG-125409
020 _c325.00
035 _aEN-108941
037 _bDBAD/PUB
082 _a623.746
100 _aSingh KP
245 _aPre-flight calibration of air data sensors of a fighter aircraft /
_cby KP Singh
260 _aNew Delhi
_bDefence Research and Development Organisation
_c2014
270 _aMinistry of Defence
_bNew Delhi
_e110011
300 _a202p.
_c24cm(pbk)
942 _2ddc
_cEN
_h623.746
_kSIN